书目信息 |
| 题名: |
可持续发展管理导论
|
|
| 作者: | 孙瑛 , 刘呈庆 主编 | |
| 分册: | ||
| 出版信息: | 北京 科学出版社 2003 |
|
| 页数: | 18,281页 | |
| 开本: | 26cm | |
| 丛书名: | ||
| 单 册: | ||
| 中图分类: | X22 | |
| 科图分类: | ||
| 主题词: | 可持续性发展--管理 , 可持续性发展 | |
| 电子资源: | ||
| ISBN: | 7-03-012599-1 | |
| 000 | 00811nam0 2200253 450 | |
| 001 | 002562061 | |
| 005 | 20070805150349.26 | |
| 010 | @a7-03-012599-1@dCNY38.00 | |
| 100 | @a20040117e20052003em y0chiy0110 ea | |
| 101 | 0 | @achi@eeng |
| 102 | @aCN@b110000 | |
| 105 | @ay z 000yy | |
| 106 | @ar | |
| 200 | 1 | @a可持续发展管理导论@Ake chi xu fa zhan guan li dao lun@f孙瑛,刘呈庆主编@Fsun ying, liu cheng qing zhu bian |
| 210 | @a北京@c科学出版社@d2003@h2005重印 | |
| 215 | @a18,281页@d26cm | |
| 330 | @a本书探讨了可持续发展的基本理论,可持续发展的要素管理,可持续发展管理手段研究等。 | |
| 606 | 0 | @a可持续性发展@x管理 |
| 606 | 0 | @a可持续性发展 |
| 690 | @aX22@v4 | |
| 701 | 0 | @a孙瑛@Asun ying@c(经济)@4主编 |
| 701 | 0 | @a刘呈庆@Aliu cheng qing@4主编 |
| 801 | 0 | @aCN@bNLC@c20070805 |
| 905 | @dX22@e110@f5 | |
| 可持续发展管理导论/孙瑛,刘呈庆主编.-北京:科学出版社,2003(2005重印) |
| 18,281页;26cm |
| ISBN 7-03-012599-1:CNY38.00 |
| 本书探讨了可持续发展的基本理论,可持续发展的要素管理,可持续发展管理手段研究等。 |
| ● |
| 相关链接 |
|
|
|
|
正题名:可持续发展管理导论
索取号:X22/110
 
预约/预借
| 序号 | 登录号 | 条形码 | 馆藏地/架位号 | 状态 | 备注 |
| 1 | 0851781 | 208517817 | 第二样本阅览室/ [索取号:X22/110] | 在馆 | |
| 2 | 0851782 | 208517826 | 第三借阅区/ [索取号:X22/110] | 在馆 | |
| 3 | 0851783 | 208517835 | 第三借阅区/ [索取号:X22/110] | 在馆 | |
| 4 | 0851784 | 208517844 | 第三借阅区/ [索取号:X22/110] | 在馆 | |
| 5 | 0851785 | 208517853 | 第三借阅区/ [索取号:X22/110] | 在馆 |